000 00840caa a22002417a 4500
999 _c410752
_d410752
001 123604
003 UA-OsUOA
005 20200112001226.0
007 ta
008 20170627b un ||||| |||| 00| 0 ukr d
040 _aUA-OsUOA
_bukr
_cUA-OsUOA
_dUA-OsUOA
041 _aukr
080 _a908
090 _a908
_bВ55
100 _aВізнюк В.
245 _aЮзеф Ігнацький Крашевський — видатна постать в історії Волині
_cВ. Візнюк
300 _aС. 64–66
650 7 _a908 Краєзнавство
_2UDC
773 0 _0384074
_9408052
_dОстрог НаУОА 2012
_o142053
_tОстрозький краєзнавчий збірник
_w(UA-OsUOA) 97837
942 _cBKA
_2udc
955 _a1